Every song on Graduation - Statistics

General Stats
  • This quiz has been taken 23 times
  • The average score is 10 of 14
Answer Stats
Streams Answer % Correct
306M Good Morning
94%
221M Champion
88%
1.08B Flashing Lights
82%
33M Good Night
82%
682M Homecoming
82%
1.40B Stronger
82%
720M I Wonder
76%
56M Drunk and Hot Girls
71%
64M Barry Bonds
65%
66M Big Brother
65%
589M Can't Tell Me Nothing
59%
217M Everything I Am
59%
437M Good Life
59%
84M The Glory
59%
No matching quizzes found
Score Distribution
Percent of People with Each Score
Percentile by Number Answered
Your Score History
You have not taken this quiz